|
|
|
|
| LEADER |
00000nab a2200000 a 4500 |
| 001 |
vtls010269704 |
| 003 |
SK-MaSNL |
| 005 |
20260305031841.0 |
| 008 |
110411 2010 xo m 000 0 slo |
| 038 |
|
|
|a PPPK
|
| 040 |
|
|
|a PPPKCL
|b slo
|c PPPK
|e AACR2
|
| 041 |
0 |
|
|a slo
|
| 044 |
|
|
|a xo
|c SK
|
| 080 |
|
|
|a 373.54
|2 2001
|
| 080 |
|
|
|a 06.07:373.54
|2 2001
|
| 100 |
1 |
|
|a Bieľaková, Katarína,
|c PaedDr.
|4 aut
|9 1609938
|
| 245 |
1 |
0 |
|a "DOD-ko v gympli"
|c PaedDr. K. Bieľaková
|
| 610 |
2 |
7 |
|a Gymnázium (Spišská Stará Ves, Slovensko)
|2 pppkcl
|9 593369
|
| 611 |
2 |
7 |
|a Deň otvorených dverí
|d (2010 :
|c Spišská Stará Ves, Slovensko)
|2 pppkcl
|9 1610440
|
| 650 |
0 |
7 |
|a gymnáziá
|2 pppkcl
|9 16386
|
| 650 |
0 |
7 |
|a prezentácia škôl
|2 pppkcl
|9 1085758
|
| 651 |
|
7 |
|a Spišská Stará Ves (Slovensko)
|2 pppkcl
|9 54503
|
| 651 |
|
7 |
|a Kežmarok (Slovensko : okres)
|2 pppkcl
|9 51824
|
| 773 |
0 |
|
|t Starovešťan
|g Roč. 4, č. 19 (2010), s. 3
|
| 852 |
|
|
|a PPPK
|b KIS3GCP
|
| 999 |
|
|
|c 3317721
|d 3319651
|